The Tipping Point : How Little Things Can Make a Big Difference /

Salvato in:
Dettagli Bibliografici
Autore principale: Gladwell, Malcolm (autor)
Natura: Libro
Lingua:inglese
Pubblicazione: Nueva York, EUA : Back Bay Books, 2002, c2002
Soggetti:
Tags: Aggiungi Tag
Nessun Tag, puoi essere il primo ad aggiungerne!!

MARC

LEADER 00000nam^a2200000^a^4500
001 000162704
005 20250521000000.0
009 20260310100843.297
020 |a 0-316-31696-2 
037 |a Acervo ITESO - Biblioteca 
041 |a ING 
082 |a 303. 34  |b GLA 
100 |a Gladwell, Malcolm  |e (autor) 
240 1 4 |a [El punto clave] 
245 1 4 |a The Tipping Point :  |b How Little Things Can Make a Big Difference /  |c M. Gladwell. 
264 4 |a Nueva York, EUA :  |b Back Bay Books,  |c 2002, c2002 
300 |a 301 p. 
336 |a texto  |b txt  |2 rdacontenido 
337 |a sin mediación  |b n  |2 rdamedio 
338 |a volumen  |b nc  |2 rdasoporte 
649 |a XX 
650 |a Aceptación Social 
650 |a Creencias 
650 |a Influencia Social 
650 |a Interacción Social -  |x Tema Principal 
650 |a Cambio de Actitud 
650 |a Conducta Grupal 
650 |a Influencia Social 
650 |a Modificación de Conducta 
650 |a Persuasión 
650 |a Cambios Sociales y Culturales 
650 |a Poder (Ciencias Sociales) 
650 |a Funcionalismo 
650 |a Psicología Social 
910 |a Fondo General 
920 |a Impresos - Libros 
930 |a Colección General 
905 |a 101 
901 |a 0500095637  |b IT1  |c ACC  |u 20250521 
901 |a 0500318537  |b IT1  |c ACC  |i D102013  |u 20250521 
902 |a https://opac.biblio.iteso.mx/vufind/Record/000162704